The Little Mermaid Franchise - Statistics

General Stats
  • This quiz has been taken 21 times
  • The average score is 12 of 44
Answer Stats
Type Year Name Info % Correct
TV Show 1992-1994 Disney's The Little Mermaid CBS
100%
Comic Book Series 1994 Disney's The Little Mermaid Marvel Comics
100%
Fairy Tale 1837 The Little Mermaid Hans Christian Andersen
100%
Film 1989 The Little Mermaid Disney
100%
Video Game 1991 The Little Mermaid Capcom
100%
Musical 2007-Present The Little Mermaid Alan Menken
100%
Film 2008 The Little Mermaid: Ariel's Beginning Disney
100%
Film 2000 The Little Mermaid II: Return to the Sea Disney
100%
Theme Park Attraction 1996-Present Ariel's Grotto (Various)
25%
Video Game 2006 Disney's The Little Mermaid: Ariel's Undersea Adventure Buena Vista Games
25%
Novel 1993 Ariel the Spy M.J. Carr
17%
Novel 1993 Ariel the Spy K.A. Applegate
17%
Novel 1993 Arista's New Boyfriend Jan Carr
17%
Novel 1992 Green-Eyed Pearl Suzanne Weyn
17%
Novel 1992 Nefazia Visits the Palace Suzanne Weyn
17%
Novel 1992 Reflections of Arsulu Marilyn Kaye
17%
Album 1991 Sebastian: Party Gras! Samuel E. Wright
17%
Album 1992 The Little Mermaid: Songs from the Sea Jodi Benson
17%
Novel 1992 The Same Old Song Marilyn Kaye
17%
TV Special 2019 The Wonderful World of Disney Presents The Little Mermaid Live! ABC
17%
Theme Park Attraction 1992-Present Voyage of the Little Mermaid Disney World
17%
Novel 1994 Alana's Secret Friend Jess Christopher
8%
Video Game 2013 Ariel's Musical Surprise Disney Mobile Studios
8%
Video Game 1997 Ariel's Story Studio Disney Interactive
8%
Video Game 1992 Disney's Ariel the Little Mermaid Sega
8%
Video Game 2000 Disney's The Little Mermaid 2 Activity Center Disney Interactive
8%
Video Game 1998 Disney's The Little Mermaid Activity Center Disney Interactive
8%
Video Game 2006 Disney's The Little Mermaid: Magic in Two Kingdoms Buena Vista Games
8%
Video Game 1998 Disney's The Little Mermaid Print Studio Disney Interactive
8%
Theme Park Attraction 2001-Present Jumpin' Jellyfish Disneyland / Tokyo Disneyland
8%
Novel 1993 King Triton, Beware! K.A. Applegate
8%
Theme Park Attraction 2001-2018 King Triton's Carousel of the Sea Disneyland
8%
Novel 2016 Poor Unfortunate Soul: A Tale of the Sea Witch Serena Valentino
8%
Theme Park Attraction 2001-Present Scuttle's Scooters Tokyo Disneyland
8%
Album 1990 Sebastian from The Little Mermaid Samuel E. Wright
8%
Comic Book Series 1992 Sebastian from The Little Mermaid Disney Comics
8%
Novel 1994 The Boyfriend Mix-Up K.A. Applegate
8%
Novel 1994 The Dolphins of Coral Cove K.S. Rodriguez
8%
Theme Park Attraction 2011-Present The Little Mermaid: Ariel's Undersea Adventure Disneyland / Disney World
8%
Video Game 2000 The Little Mermaid II: Pinball Frenzy Nintendo
8%
Comic Book Series 1992 The Little Mermaid Limited Series Disney Comics
8%
Book 1992 The Little Mermaid: Tales from Under the Sea Walt Disney Company
8%
Video Game 2013 The Little Mermaid: Undersea Treasures Microsoft Studios
8%
Novel 1994 The Practical-Joke War Stephanie St. Pierre
8%
No matching quizzes found
Score Distribution
Percent of People with Each Score
Percentile by Number Answered
Your Score History
You have not taken this quiz